000 00260nam a22001097a 4500
082 _a100/OSH
100 _aOsho
_918534
245 _aI AM THAT, Talks on the Isa Upanishad
260 _aMumbai
_bJaicoPublishing House
_c2018
650 _aphilosophy
942 _cBK
999 _c67690
_d67690